| 000 | 01315cam a2200289 4500 | ||
|---|---|---|---|
| 001 | WB3823-12 | ||
| 008 | 020626n2002 000 0 eng u | ||
| 035 | _a(Sirsi) u118537 | ||
| 245 | 4 | _aThe London Plan published | |
| 260 | _c2002 | ||
| 490 |
_aGreater London Authority News Release _v19 June 2002 |
||
| 490 |
_aInside Housing _v 21 June 2002, 4 |
||
| 490 |
_aPlanning (for the Natural and Built Environment) _v21 June 2002, 2(6) |
||
| 520 | _aThe Mayor of London, Ken Livingstone, has published his plan for London, emphasising the link between planning and health. The plan aims to make London a model sustainable world city, more dense and compact, within existing green belt land. However the targets set for housing may be too low to meet projected demand. The draft London Plan is available from +44 (0)20 7983 4100 or from http://www.london.gov.uk/approot/mayor/strategies/sds/index.jsp Press release http://www.london.gov.uk/approot/view_press_release.jsp?releaseid=1214 | ||
| 590 | _aWB | ||
| 650 | _aLONDON | ||
| 650 | _aDEVELOPMENT PLANS | ||
| 650 | _aHEALTH | ||
| 650 | _aHOUSING | ||
| 650 | _aURBAN REGENERATION | ||
| 650 | _aTRANSPORT | ||
| 650 | _aPLANNING | ||
| 650 | _aURBAN DEVELOPMENT | ||
| 650 | _aSUSTAINABLE CITIES | ||
| 690 | _aDEVELOPMENT-SUSTAINABLE | ||
| 942 | _n0 | ||
| 999 |
_c70582 _d70582 |
||